| 000 | 01298nam a2200349 i 4500 | ||
|---|---|---|---|
| 005 | 20210727153338.0 | ||
| 007 | ta | ||
| 008 | 200421s2007 ck a gr 000 p spa d | ||
| 020 | _a9789583004421 | ||
| 040 |
_aCO-BoRNBP _bspa _erda _cCO-BoRNBP |
||
| 041 | 0 | _aspa | |
| 043 | _ancnq--- | ||
| 084 | _aP DAR1 | ||
| 100 | 1 |
_aDarío, Rubén _d1867-1916 _eautor |
|
| 245 | 1 | 0 |
_aRubén Darío _cselección de Carlos Nicolás Hernández ; edición de Ricardo Rendón López |
| 250 | _aPrimera edición | ||
| 264 | 1 |
_aBogotá, Colombia _bPanamericana _c2007 |
|
| 300 |
_a91 páginas _bilustraciones _c21 cm |
||
| 336 |
_atexto _btxt _2rdacontent |
||
| 337 |
_asin mediación _bn _2rdamedia |
||
| 338 |
_avolumen _bnc _2rdacarrier |
||
| 490 | 0 | _aCuadernillos de poesía | |
| 505 | 1 | _aCanción de otoño en primavera -- Versos de otoño -- La copa de las hadas -- Lo fatal -- Canción de carnaval | |
| 521 | _aRecomendado para un público mayor a 17 años | ||
| 545 | _aIncluye reseña biográfica del autor | ||
| 650 | 1 | 7 |
_aPoesía nicaragüense _ySiglo XIX _2ARMARC |
| 650 | 1 | 7 |
_aLiteratura nicaragüense _ySiglo XIX _2ARMARC |
| 650 | 1 | 7 |
_aAmor _vPoesía _2ARMARC |
| 700 | 1 |
_aHernández Camacho, Carlos Nicolás _d1953- _ecompilador |
|
| 700 | 1 |
_aRendón López, Ricardo _eeditor |
|
| 942 |
_2loc _cBKLIT |
||
| 999 |
_c6458 _d6458 |
||